Movies Quiz

Random Movies or Disney Quiz

Disney Characters A-Z: E Quiz Stats

 Plays Quiz not verified by Sporcle

Support Sporcle.
Go Orange.
Score 0/15 Timer 08:00
0 Plays Today
Movie Character % Correct
FrozenElsa
92.8%
The Many Adventures of Winnie the PoohEeyore
84.6%
The Lion KingEd
80.5%
The Little MermaidEric
74.1%
The Hunchback of Notre DameEsmeralda
73.3%
AristocatsEdgar Balthazar
66.6%
The Black CauldronEilonwy
46.6%
Oliver and CompanyEinstein
45%
Movie Character % Correct
The RescuersEvinrude
44.5%
The Princess and the FrogEudora
42.1%
The Princess and the FrogEvangeline
36.8%
DinosaurEema
34.1%
The Sword in the Stone(Sir) Ector
31%
Ralph Breaks the InternetEBoy
17.2%
The Black Cauldron(King) Eidelleg
6.9%

You're not logged in!

Compare scores with friends on all Sporcle quizzes.
OR
Log In

From the Vault

Add a 'CH'

by LTH

You can make cheese with ease, just add a 'CH'.
Remove Ads.
Support Sporcle.
Get the best of Sporcle when you Go Orange. This ad-free experience offers more features, more stats, and more fun while also helping to support Sporcle. Thank you for becoming a member.

Show Comments

Extras

Top Quizzes Today


Score Distribution

Your Account Isn't Verified!

In order to create a playlist on Sporcle, you need to verify the email address you used during registration. Go to your Sporcle Settings to finish the process.

Report this User

Report this user for behavior that violates our Community Guidelines.

Details: